Actitudes lingüísticas hacia el habla campesina en el cantón de Pérez Zeledón
محفوظ في:
| المؤلف الرئيسي: | |
|---|---|
| التنسيق: | كتاب |
| اللغة: | Undetermined |
| منشور في: |
San José, Costa Rica
Universidad de Costa Rica, Facultad de Letras, Escuela de Filología, Lingüística y Literatura
2013
|
| الموضوعات: | |
| الوسوم: |
إضافة وسم
لا توجد وسوم, كن أول من يضع وسما على هذه التسجيلة!
|
MARC
| LEADER | 00000nam a2200000Ia 4500 | ||
|---|---|---|---|
| 008 | 170316s9999 xx 000 0 und d | ||
| 040 | |a cru BVZT | ||
| 090 | |a TESIS 892 | ||
| 100 | |a Godínez Rojas, Laura | ||
| 245 | |a Actitudes lingüísticas hacia el habla campesina en el cantón de Pérez Zeledón | ||
| 260 | |a San José, Costa Rica | ||
| 260 | |b Universidad de Costa Rica, Facultad de Letras, Escuela de Filología, Lingüística y Literatura | ||
| 260 | |c 2013 | ||
| 300 | |a 116 páginas | ||
| 650 | |a TRABAJO FINAL DE GRADUACIÓN | ||
| 650 | |a ACTITUDES LINGÜÍSTICAS - ESPAÑOL DE COSTA RICA | ||
| 650 | |a HABLA CAMPESINA COSTARRICENSE | ||
| 650 | |a VARIEDADES DEL LENGUAJE | ||
| 650 | |a HABLA CAMPESINA | ||
| 650 | |a ACTITUDES LINGÜÍSTICAS - PÉREZ ZELEDÓN | ||
| 999 | |c 14552 |d 14552 | ||
| 942 | |c TFG |h TESIS 892 |2 z | ||
